| 000 | 00957nam a2200253Ia 4500 | ||
|---|---|---|---|
| 003 | OSt | ||
| 005 | 20220923221532.0 | ||
| 006 | a|||||r|||| 00| 0 | ||
| 007 | ta | ||
| 008 | RAJ | ||
| 024 | _a197,950 | ||
| 037 | _cTextual | ||
| 040 |
_aARTS _cARTS _bRAJ |
||
| 041 |
_2RAJ _aRAJ |
||
| 082 | _aO1528,1J49,DM:g, 152L0 | ||
| 100 | _aशर्मा, भगवती लाल | ||
| 245 | 0 | _aढोला मारू रा दूहा में काव्य - सौष्ठव, संस्कृति एवं इतिहास | |
| 246 | _aḌholā mārū rā dūhā mean kāvya - sauṣhṭhava, sanskṛuti evan itihāsa | ||
| 260 |
_aअजमेर _b अर्चना प्रकाशन _c1970 |
||
| 300 |
_a402पृ0 _ccm. |
||
| 650 | _aराजस्थानी साहित्य | ||
| 942 |
_hO1528,1J49,DM:g, 152L0 _cTEXL _2CC |
||
| 999 |
_c349820 _d349820 |
||